<?xml version="1.0" encoding="UTF-8"?>
<record
    xmlns:xsi="http://www.w3.org/2001/XMLSchema-instance"
    xsi:schemaLocation="http://www.loc.gov/MARC21/slim http://www.loc.gov/standards/marcxml/schema/MARC21slim.xsd"
    xmlns="http://www.loc.gov/MARC21/slim">

  <leader>01892nam a22001577a 4500</leader>
  <controlfield tag="008">150708b        xxu||||| |||| 00| 0 eng d</controlfield>
  <datafield tag="020" ind1=" " ind2=" ">
    <subfield code="a">9780691070148</subfield>
  </datafield>
  <datafield tag="050" ind1=" " ind2=" ">
    <subfield code="a">HB75.R526</subfield>
  </datafield>
  <datafield tag="100" ind1=" " ind2=" ">
    <subfield code="a">Robbins, Lionel.</subfield>
  </datafield>
  <datafield tag="245" ind1=" " ind2=" ">
    <subfield code="a">A History of economic thought: The LSE lectures. /</subfield>
    <subfield code="c">Lionel Robbins.</subfield>
  </datafield>
  <datafield tag="260" ind1=" " ind2=" ">
    <subfield code="a">New Jersey:</subfield>
    <subfield code="b">Princeton University Press,</subfield>
    <subfield code="c">1998.</subfield>
  </datafield>
  <datafield tag="300" ind1=" " ind2=" ">
    <subfield code="a">xxviii,375p. :</subfield>
    <subfield code="c">24cm.</subfield>
  </datafield>
  <datafield tag="500" ind1=" " ind2=" ">
    <subfield code="a">Includes index.</subfield>
  </datafield>
  <datafield tag="505" ind1=" " ind2=" ">
    <subfield code="a">Contents: Anticipations: Introduction-plato -- Plato and aristotle -- Aquinas and the scholastics -- Pamphleteers-money (oresme, bodin, "w.s) -- Pamphleteers-mercantilism (malynes, misselden, mun) -- Sir william petty -- Child and locke (interest) -- Emergence of systems: Cantillon (cont.)-physiocracy -- Physiocrats-turgot -- Locke and hume on property-hume on money -- Hume on interest and trade-precursors of adam smith -- General survey of smith's intentions-the wealth of nations: Analytical (I) -- The wealth of nations: Analytical (II) -- The wealth of nations: Analytical (III)-policy (I) -- The wealth of nations: Policy (II) -- Nineteenth-century classicism: General review-malthus on population -- Value and distribution: Historical origin-analytical (I) -- Value and distribution: Analytical (II) -- Value and distribution: Analytical (III) -- Overall equilibrium -- International trade -- John Stuart Mill -- Other mid-nineteenth-century thought: Mill (cont.)-saint simon and marx -- Marx (cont.)-list and the historical school -- Beginnings of modern analysis: The historical school (cont.)-Precursors of change: Cournot, von thunen, and rae -- The marginal revolution (1): Jevons -- The marginal revolution (II): Jevons and Menger -- The marginal revolution (III): Costs (wieser)-the pricing of factor services -- Capital theory -- Walras-pareto -- Marshall -- Money -- The further evolution of the subject -- Appendices.</subfield>
  </datafield>
  <datafield tag="942" ind1=" " ind2=" ">
    <subfield code="2">lcc</subfield>
    <subfield code="c">BK</subfield>
  </datafield>
  <datafield tag="999" ind1=" " ind2=" ">
    <subfield code="c">5627</subfield>
    <subfield code="d">13127</subfield>
  </datafield>
  <datafield tag="952" ind1=" " ind2=" ">
    <subfield code="0">0</subfield>
    <subfield code="1">0</subfield>
    <subfield code="2">lcc</subfield>
    <subfield code="4">0</subfield>
    <subfield code="7">0</subfield>
    <subfield code="a">WIUC-1</subfield>
    <subfield code="b">WIUC-1</subfield>
    <subfield code="c">REF</subfield>
    <subfield code="d">2015-07-08</subfield>
    <subfield code="l">0</subfield>
    <subfield code="o">HB75.R526</subfield>
    <subfield code="p">7884/311/15</subfield>
    <subfield code="r">2015-07-08 00:00:00</subfield>
    <subfield code="t">1</subfield>
    <subfield code="w">2015-07-08</subfield>
    <subfield code="y">BK</subfield>
  </datafield>
  <datafield tag="952" ind1=" " ind2=" ">
    <subfield code="0">0</subfield>
    <subfield code="1">0</subfield>
    <subfield code="2">lcc</subfield>
    <subfield code="4">0</subfield>
    <subfield code="7">0</subfield>
    <subfield code="a">WIUC-1</subfield>
    <subfield code="b">WIUC-1</subfield>
    <subfield code="c">REF</subfield>
    <subfield code="d">2015-07-08</subfield>
    <subfield code="l">0</subfield>
    <subfield code="o">HB75.R5261</subfield>
    <subfield code="p">8031/452/15</subfield>
    <subfield code="r">2015-07-08 00:00:00</subfield>
    <subfield code="t">2</subfield>
    <subfield code="w">2015-07-08</subfield>
    <subfield code="y">BK</subfield>
  </datafield>
</record>
